000 00909nas a2200301 4500
001 BR2010004118
003 BR-BrBNA
005 20231205114659.0
007 ta
008 230509b bl.|||p| |||| 00| 00por d
040 _aBR-BrBNA
_bpor
_cBiblioteca Nacional de Agricultura
041 _a(Pt)
072 _aF03; F02
100 1 _aAlmeida, M.S. de
100 1 _aMelo, B. de
100 1 _aSilva, C.A. da
100 1 _aSantana, D.G. de
100 1 _aSilva, C.J. da
245 1 _aMassa de sementes e profundidades de semeadura no desenvolvimento de mudas de tamarindeiro
650 _aSEMENTE
650 _aPROPAGAÇÃO VEGETATIVA
650 _aTAMARINDO
650 _aSEMEADURA
650 _aMUDA
773 0 _tRevista Brasileira de Fruticultura (Brazil)
_xISSN 0100 2945
_g(Jun 2010), v. 32(2) p. 555-560
_wBR2010004118
909 _a202311
_bLúcia
_c55
_dLúcia Elande
942 _2AGRIS
_n0
_cANA
999 _c209920
_d209920